| 000 | 02366cam a22004937i 4500 | ||
|---|---|---|---|
| 999 |
_c526956 _d526956 |
||
| 001 | 18174850 | ||
| 003 | NUST | ||
| 005 | 20190718055904.0 | ||
| 008 | 140603t20142014ne a b 001 0 eng d | ||
| 010 | _a 2014395395 | ||
| 015 |
_aGBB389064 _2bnb |
||
| 016 | 7 |
_a016507383 _2Uk |
|
| 020 | _a9780124077263 (pbk.) | ||
| 020 | _a0124077269 (pbk.) | ||
| 035 | _a(OCoLC)ocn859555917 | ||
| 038 | _aArshad | ||
| 040 |
_aUKMGB _beng _cUKMGB _erda _dOCLCO _dUV0 _dCDN _dTXI _dFUG _dDLC |
||
| 042 | _alccopycat | ||
| 050 | 0 | 0 |
_aQA76.9.C643 _bP37 2014 |
| 082 | 0 | 4 |
_a004.21 _bPAT |
| 100 | 1 |
_aPatterson, David A., _eauthor. _9710 |
|
| 245 | 1 | 0 |
_aComputer organization and design : _bthe hardware/software interface. |
| 250 |
_aFifth edition / _bDavid A. Patterson, University of California, Berkeley, John L. Hennessy, Stanford University ; with contributions by Perry alexander, the University of Kansas ... [and fifteen others]. |
||
| 264 | 1 |
_aAmsterdam ; _aBoston : _bElsevier/Morgan Kaufmann, Morgan Kaufmann is an imprint of Elsevier, _c[2014] |
|
| 264 | 4 | _c©2014 | |
| 300 |
_a575 pages, 194 variously numbered pages : _billustrations ; _c24 cm |
||
| 336 |
_atext _2rdacontent |
||
| 337 |
_aunmediated _2rdamedia |
||
| 338 |
_avolume _2rdacarrier |
||
| 490 | 1 | _aThe Morgan Kaufmann series in computer architecture and design | |
| 500 | _aPrevious edition: 2012. | ||
| 500 | _aRev. ed. of: Computer organization and design/John L. Hennessy, David A. Patterson. 1998. | ||
| 504 | _aIncludes bibliographical references and index. | ||
| 505 | 0 | _aComputer abstractions and technology -- Instructions : language of the computer -- Arithmetic for computers -- The processor -- Large and fast : exploiting memory hierarchy -- Parallel processors from client to cloud. | |
| 520 | _a"Presents the fundamentals of hardware technologies, assembly language, computer arithmetic, pipelining, memory hierarchies and I/O"--Provided by publisher. | ||
| 650 | 0 |
_aComputer organization. _97006 |
|
| 650 | 0 |
_aSystem design _xData processing. _917969 |
|
| 650 | 0 |
_aComputer architecture. _93070 |
|
| 700 | 1 |
_aHennessy, John L., _eauthor. _97008 |
|
| 830 | 0 |
_aMorgan Kaufmann series in computer architecture and design. _917970 |
|
| 906 |
_a7 _bcbc _ccopycat _d2 _encip _f20 _gy-gencatlg |
||
| 942 |
_2ddc _cBK |
||